000
00293nam a2200121Ia 4500
008
191201s2016 xx 000 0 und d
100
_a
KHURMI,R.S.
245
0
_a
Refrigeration Tables with Charts
260
_a
N. Delhi
_b
S Chand
_c
2016
300
_a
39
650
_a
B.Tech(ME)
942
_2
ddc
_c
BK
999
_c
6696
_d
6696